000 01173nam a2200229Ia 4500
999 _c39221
_d39221
001 5807
003 GE_BSU
005 20190424225302.0
008 181216s1984||| ge |||||||||||||| ||geo||
040 _cGE_BSU
041 _ageo
080 _a624.011(075.8) ს-20
100 _aსალუქვაძე ,ბ.
_9342
245 _aხისა და პლასტმასების კონსტრუქციები :
_bკურსის პროგრამა, ძირითადი ცნობები და მეთოდური მითითებანი : დამხმ.სახელმძღვ./
_cგ. სალუქვაძე ; რედ. გ.გ.მსხილაძე.
264 _aთბილისი :
_bთსუ,
_c1984.
300 _a135 გვ. ;
_c20 სმ.
504 _aბიბლიოგრ. : გვ. 9
653 _aხისა და პლასტმასების კონსტრუქციები
653 _aსამშენებლო კონსტრუქციები
700 _aმსხილაძე, გ.
_eრედაქტორი
_9481
942 _cBK
_2udc